An Introduction to Accountancy (Record no. 584)

MARC details
000 -LEADER
Fixed length control field 00500nam a2200181 4500
003 - CONTROL NUMBER IDENTIFIER
Control field SEACOMMC
005 - DATE AND TIME OF LATEST TRANSACTION
Control field 20250417132842.0
008 - FIXED-LENGTH DATA ELEMENTS--GENERAL INFORMATION
Fixed length control field 240921b |||||||| |||| 00| 0 eng d
020 ## - INTERNATIONAL STANDARD BOOK NUMBER / ISBN
International Standard Book Number 978-93-5271-860-3
Price Rs.350.00
040 ## - CATALOGING SOURCE
Original cataloging agency SEACOMMC
082 ## - DEWEY DECIMAL CLASSIFICATION NUMBER
Classification number 657
Book Number M 214
100 ## - MAIN ENTRY--PERSONAL NAME
Personal name Maheshwari S.N
245 1# - TITLE STATEMENT
Title An Introduction to Accountancy
Statement of responsibility S.N Maheshwari , Suneel K Maheshwari
250 ## - EDITION STATEMENT
Edition statement 9th ed.
260 ## - IMPRINT
Place of publication New Delhi
Name of publisher Vikas Publishing House
Date of publication 2005
650 ## - SUBJECT ADDED ENTRY--TOPICAL TERM
Topical term Accountancy
942 ## - ADDED ENTRY ELEMENTS (KOHA)
Koha item type Books
Holdings
Withdrawn status Lost status Source of classification Damaged status Not for loan Home library Current library Date acquired Total Checkouts Call number Accession number Date last seen Price effective from Koha item type Copy number
    Dewey Decimal Classification     SEACOM MANAGEMENT COLLEGE SEACOM MANAGEMENT COLLEGE 28/09/2007   657 M 214 M-279 21/09/2024 21/09/2024 Books  
    Dewey Decimal Classification     SEACOM MANAGEMENT COLLEGE SEACOM MANAGEMENT COLLEGE 28/09/2007   657 M 214 M-280 21/09/2024 21/09/2024 Books 1
    Dewey Decimal Classification     SEACOM MANAGEMENT COLLEGE SEACOM MANAGEMENT COLLEGE 28/09/2007   657 M 214 M-281 21/09/2024 21/09/2024 Books 2
    Dewey Decimal Classification     SEACOM MANAGEMENT COLLEGE SEACOM MANAGEMENT COLLEGE 28/09/2007   657 M 214 M-282 21/09/2024 21/09/2024 Books 3
    Dewey Decimal Classification     SEACOM MANAGEMENT COLLEGE SEACOM MANAGEMENT COLLEGE 28/09/2007   657 M 214 M-283 21/09/2024 21/09/2024 Books 4
© Seacom Engineering College, All rights reserved.    Powered by Koha